Influência de ectomicorrizas no crescimento de mudas de Eucalyptus grandis, Corymbia citriodora, Eucalyptus saligna e Eucalyptus dunnii (Registro n. 298363)
[ somente texto ]
| 000 -LÍDER | |
|---|---|
| fixed length control field | 05053nab a2200325 i 4500 |
| 003 - CÓDIGO MARC DA AGÊNCIA CATALOGADORA | |
| Campo de controle | BR-BrBNA |
| 005 - DATA E HORA DA ÚLTIMA ATUALIZAÇÃO | |
| Campo de controle | 20240126092918.0 |
| 008 - CAMPO DE TAMANHO FIXO | |
| fixed length control field | 240126b2018 bl.qr|pooa||| 00| 0 por | |
| 040 ## - FONTE DA CATALOGAÇÃO | |
| Agência catalogadora | BR-BrBNA |
| Idioma da catalogação | por |
| 072 ## - CATEGORIA AGRIS | |
| Código AGRIS | P34 |
| Código do objeto | 3240 |
| 100 ## - ENTRADA PRINCIPAL - NOME PESSOAL | |
| Nome pessoal | Weirich, Sidinei Wolnei |
| 100 ## - ENTRADA PRINCIPAL - NOME PESSOAL | |
| Nome pessoal | Silva, Rodrigo Ferreira da |
| 100 ## - ENTRADA PRINCIPAL - NOME PESSOAL | |
| Nome pessoal | Perrando, Edison Rogerio |
| 100 ## - ENTRADA PRINCIPAL - NOME PESSOAL | |
| Nome pessoal | Ros, Clovis Orlando Da |
| 100 ## - ENTRADA PRINCIPAL - NOME PESSOAL | |
| Nome pessoal | Dellai, Alex |
| 100 ## - ENTRADA PRINCIPAL - NOME PESSOAL | |
| Nome pessoal | Scheid, Douglas Leandro |
| 100 ## - ENTRADA PRINCIPAL - NOME PESSOAL | |
| Nome pessoal | Trombeta, Helena Wichineski |
| 245 ## - TÍTULO PRINCIPAL | |
| Título principal | Influência de ectomicorrizas no crescimento de mudas de Eucalyptus grandis, Corymbia citriodora, Eucalyptus saligna e Eucalyptus dunnii |
| 500 ## - NOTA GERAL | |
| Nota geral | Publicação on-line; Bibliography p. 773-775 (57 ref.); 2 tables; 1 illus.; Summaries (En, Pt) |
| 942 ## - ADDED ENTRY ELEMENTS (KOHA) | |
| Koha item type | |
| 520 ## - NOTA DE RESUMO | |
| Nota de conteúdo | <br/><br/>RESUMO<br/><br/>A associação ectomicorrízica beneficia as plantas ao proporcionar aumento na área de absorção radicular obtendo mais nutrientes e água, podendo possibilitar o crescimento do hospedeiro em solos submetido a condições adversas. O objetivo deste trabalho foi avaliar o efeito de diferentes isolados ectomicorrízicos no crescimento das mudas de Eucalyptus grandis W. Hill ex Maid., Corymbia citriodora (Hook.) K.D. Hill & L.A.S. Johnson, Eucalyptus saligna Sm. e Eucalyptus dunnii Maiden. O delineamento foi inteiramente casualizado em arranjo fatorial (4 x 4), sendo quatro espécies de eucalipto (Eucalyptus grandis, Corymbia citriodora, Eucalyptus saligna e Eucalyptus dunnii) e quatro inóculos ectomicorrízicos (UFSC-Pt116 (Pisolithus microcarpus (Cooke & Massee) Cunn), UFSC-132 (Pisolithus tinctorius (Pers.) Coker & Couch), UFSC-121, e sem inoculação), com 12 repetições. Após noventa dias de condução do experimento foram avaliados: percentual de colonização ectomicorrízica, altura de planta; diâmetro do colo; número de folhas; massa seca da parte aérea e radicular. Também foram calculadas as relações: massa seca aérea/massa seca radicular, altura/diâmetro do colo e o índice de qualidade de Dickson. A altura de planta, número de folhas e a massa seca aérea apresentaram médias superiores nas espécies Eucalyptus dunnii e Corymbia citriodora, quando na inoculação com UFSC-132. A inoculação com UFSC-Pt116 resultou em 63,3% de raízes colonizadas em Corymbia citriodora, enquanto Eucalyptus dunnii inoculado com UFSC-121 teve 67,7% de suas raízes colonizadas. O isolado UFSC-132 proporciona maior crescimento de mudas de Eucalyptus dunnii e Corymbia citriodora em relação à testemunha sem inoculação.<br/><br/>Palavras-chave: eucalipto; micorrizas; produção de mudas; simbiose. |
| 520 ## - NOTA DE RESUMO | |
| Nota de conteúdo | <br/><br/>ABSTRACT<br/><br/>The ectomycorrhizal association benefit plants by providing an increase in the area of root absorption and getting more nutrients and water as well as may enable growth of the host soils subjected to adverse conditions. The objective of this study was to evaluate the effect of different ectomycorrhizal isolates on seedling growth of Eucalyptus grandis W. Hill ex Maid., Corymbia citriodora (Hook.) K. D. Hill & L.A.S. Johnson, Eucalyptussaligna Sm. and Eucalyptus dunnii Maiden. The design was completely randomized in a factorial arrangement (4 x 4), four species of Eucalyptus (Eucalyptus grandis, Corymbia citriodora, Eucalyptus saligna and Eucalyptus dunnii) and four ectomycorrhizal inoculum (UFSC - Pt116 (Pisolithus microcarpus (Cooke & Massee) Cunn), UFSC -132 (Pisolithus tinctorius (Pers.) Coker & Couch), UFSC -121, and without inoculation) with 12 repetitions. After ninety days of conducting the experiment were evaluated: the percentage of ectomycorrhizal colonization, plant height, stem diameter, number of leaves, dry weight of root and shoot. Relationships were also calculated: dry aerial/root dry mass, height/diameter and Dickson quality index. The plant height, leaf number and shoot dry mass showed higher average in the species Eucalyptus dunnii and Corymbia citriodora, when the inoculation with UFSC -132. Inoculation with UFSC-Pt116 resulted in 63,3 % of colonized roots in Corymbia citriodora, while Eucalyptus dunnii inoculated with UFSC-121 had 67,7 % of its colonized roots. The isolated UFSC-132 provides enhanced growth of seedlings of Eucalyptus dunnii and Corymbia citriodora compared to the control without inoculation.<br/><br/>Keywords:Eucalyptus; mycorrhizae; seedling production; symbiosis. |
| 650 ## - ASSUNTO - THESAGRO | |
| Cabeçalho tópico ou nome geográfico | EUCALIPTO |
| 650 ## - ASSUNTO - THESAGRO | |
| Cabeçalho tópico ou nome geográfico | MICORRIZA |
| 650 ## - ASSUNTO - THESAGRO | |
| Cabeçalho tópico ou nome geográfico | MUDA |
| 650 ## - ASSUNTO - THESAGRO | |
| Cabeçalho tópico ou nome geográfico | SIMBIOSE |
| 773 0# - ENTRADA ANALÍTICA | |
| Host Biblionumber | 4065 |
| Registro do item | 198128 |
| Imprenta | Santa Maria-RS Universidade Federal de Santa Maria - Centro de Pesquisas Florestais.Departamento de Ciências Florestais. Programa de Pós-Graduação em Engenharia Florestal 1991 |
| Outro identificador | 2023-437009 |
| Título | Ciência Florestal (Brazil) |
| ISSN | 0103-9954; 1980-5098 (on-line) |
| Colação | v. 28(2) p. 765-775; (Apr-Jun 2018) |
| Número de controle de registro | BR2023001485 |
| 856 ## - ACESSO E ENDEREÇO ELETRÔNICO | |
| Identificador uniforme de recurso - URI | https://periodicos.ufsm.br/cienciaflorestal/article/view/32129/pdf |
Nenhum exemplar disponível.

BINAGRI